书目信息 |
| 题名: |
设施园艺
|
|
| 作者: | 李坤灼 , 张妍 主编 | |
| 分册: | ||
| 出版信息: | 北京 中国农业大学出版社 2014.03 |
|
| 页数: | 304页 | |
| 开本: | 26cm | |
| 丛书名: | ||
| 单 册: | ||
| 中图分类: | S62 | |
| 科图分类: | ||
| 主题词: | 园艺--保护地栽培--高等职业教育--教材 , 园艺 , 保护地栽培 | |
| 电子资源: | ||
| ISBN: | 978-7-5655-0892-9 | |
| 000 | 00999nam0 2200289 450 | |
| 001 | 0120141270671 | |
| 005 | 20140528104755.17 | |
| 010 | @a978-7-5655-0892-9@dCNY38.00 | |
| 100 | @a20140409d2014 em y0chiy0110 ea | |
| 101 | 0 | @achi |
| 102 | @aCN@b110000 | |
| 105 | @aak z 000yy | |
| 106 | @ar | |
| 200 | 1 | @a设施园艺@9she shi yuan yi@f李坤灼,张妍主编 |
| 210 | @a北京@c中国农业大学出版社@d2014.03 | |
| 215 | @a304页@c图@d26cm | |
| 300 | @a高职高专教育“十二五”规划建设教材 国家骨干高职职校建设工学结合项目教材 | |
| 330 | @a本书分为设施园艺覆盖材料应用、园艺栽培设施的类型与应用、设施环境调控技术、设施园艺相关技术、设施蔬菜栽培技术、设施果树栽培技术、设施花卉栽培技术共7个项目、37个任务,13个实训。 | |
| 333 | @a高职 | |
| 606 | 0 | @a园艺@x保护地栽培@x高等职业教育@j教材 |
| 606 | 0 | @a园艺 |
| 606 | 0 | @a保护地栽培 |
| 690 | @aS62@v5 | |
| 701 | 0 | @a李坤灼@9li kun zhuo@4主编 |
| 701 | 0 | @a张妍@9zhang yan@4主编 |
| 801 | 0 | @aCN@b人天书店@c20140409 |
| 905 | @b547710-12@dS62@e266@f3 | |
| 设施园艺/李坤灼,张妍主编.-北京:中国农业大学出版社,2014.03 |
| 304页:图;26cm |
| 高职高专教育“十二五”规划建设教材 国家骨干高职职校建设工学结合项目教材.-使用对象:高职 |
| ISBN 978-7-5655-0892-9:CNY38.00 |
| 本书分为设施园艺覆盖材料应用、园艺栽培设施的类型与应用、设施环境调控技术、设施园艺相关技术、设施蔬菜栽培技术、设施果树栽培技术、设施花卉栽培技术共7个项目、37个任务,13个实训。 |
| ● |
| 相关链接 |
|
|
|
|
正题名:设施园艺
索取号:S62/266
 
预约/预借
| 序号 | 登录号 | 条形码 | 馆藏地/架位号 | 状态 | 备注 |
| 1 | 547710 | 205477107 | 第二样本阅览室/ [索取号:S62/266] | 在馆 | |
| 2 | 547711 | 205477116 | 第三借阅区/ [索取号:S62/266] | 在馆 | |
| 3 | 547712 | 205477125 | 密集书库-生命科学系/ [索取号:S62/266] | 在馆 |